[Event "GRE-chT 49th"]
[Site "Thessaloniki"]
[Date "2022.08.17"]
[Round "7.4"]
[White "Dereka, Konstantina"]
[Black "Bichaki, Ourania"]
[Result "1-0"]
[WhiteElo "1459"]
[BlackElo "1227"]
[PlyCount "91"]
[EventDate "2022.08.12"]
[EventType "team-swiss"]
[EventRounds "7"]
[EventCountry "GRE"]
[SourceTitle "CBM 209 Extra"]
[Source "ChessBase"]
[SourceDate "2022.09.30"]
[SourceVersion "1"]
[SourceVersionDate "2022.09.30"]
[SourceQuality "1"]
[WhiteTeam "Amo Galaxias"]
[BlackTeam "Piraikos"]
[WhiteTeamCountry "GRE"]
[BlackTeamCountry "GRE"]

1. d4 d5 2. c4 e6 3. Nc3 Nf6 4. Bg5 Nbd7 5. e3 Be7 6. Nf3 c6 7. Qc2 b6 8. cxd5 exd5 9. Bd3 h6 10. Bh4 Bb7 11. 0-0 0-0 12. Rfd1 Re8 13. Rac1 Ne4 14. Bxe7 Qxe7 15. h3 Ndf6 16. Qe2 Rec8 17. Nd2 Nxd2 18. Rxd2 Ne4 19. Nxe4 dxe4 20. Ba6 c5 21. Rdc2 Bxa6 22. Qxa6 Rc6 23. dxc5 Rxc5 24. Rxc5 bxc5 25. Qc6 Rd8 26. Rxc5 Rd1+ 27. Kh2 Rd2 28. Rc2 Qe5+ 29. g3 Rd6 30. Qa8+ Kh7 31. Qxa7 Qe6 32. Qc5 Rd5 33. Qc4 Qe5 34. a4 f6 35. Qe2 Ra5 36. Rc4 Qe8 37. Qc2 f5 38. b3 Qe7 39. Qc3 Rd5 40. Rd4 Rc5 41. Qb4 Qc7 42. Rc4 Rxc4 43. Qxc4 Qa7 44. Qb5 Kg6 45. a5 Qa8 46. a6 1-0

[Event "GRE-chT 49th"]
[Site "Thessaloniki"]
[Date "2022.08.13"]
[Round "2.7"]
[White "Bichaki, Ourania"]
[Black "Pateraki, Kleopatra"]
[Result "0-1"]
[WhiteElo "1227"]
[BlackElo "1176"]
[PlyCount "116"]
[EventDate "2022.08.12"]
[EventType "team-swiss"]
[EventRounds "7"]
[EventCountry "GRE"]
[SourceTitle "CBM 209 Extra"]
[Source "ChessBase"]
[SourceDate "2022.09.30"]
[SourceVersion "1"]
[SourceVersionDate "2022.09.30"]
[SourceQuality "1"]
[WhiteTeam "Piraikos"]
[BlackTeam "Thessaloniki Sach"]
[WhiteTeamCountry "GRE"]
[BlackTeamCountry "GRE"]

1. e4 c5 2. c4 Nc6 3. Nc3 g6 4. g3 Bg7 5. Bg2 Nf6 6. Nge2 0-0 7. 0-0 e6 8. d3 b6 9. Be3 Bb7 10. h3 d6 11. d4 cxd4 12. Nxd4 Nxd4 13. Bxd4 Qe7 14. Re1 Rfd8 15. Qc2 Rac8 16. b3 Bc6 17. Qe2 Qb7 18. Rac1 e5 19. Be3 Nxe4 20. Bxe4 Bxe4 21. Bg5 Bf3 22. Qd3 f6 23. Bd2 Bc6 24. Nd5 Qd7 25. Kh2 Rf8 26. Bb4 f5 27. Rcd1 Rcd8 28. Ne3 f4 29. Nd5 fxg3+ 30. Qxg3 Rf7 31. Re2 Rdf8 32. Rd3 Bxd5 33. Rxd5 Rf3 34. Qg2 R3f6 35. Red2 Rd8 36. Qf1 Bh6 37. Re2 Bf4+ 38. Kg1 Qf5 39. Qg2 Qb1+ 40. Qf1 Qf5 41. Qg2 Qh5 42. Kf1 Qf5 43. Kg1 Kf7 44. f3 h5 45. Kf2 h4 46. Kg1 Bg3 47. Re3 Qb1+ 48. Qf1 Qxa2 49. Rd2 Qa6 50. Qd1 Bf4 51. Re4 Bxd2 52. Qxd2 Rxf3 53. Rxh4 Qa1+ 54. Qe1 Qxe1+ 55. Bxe1 Kg7 56. b4 Rh8 57. Rxh8 Kxh8 58. Kg2 Rf4 0-1

[Event "GRE-chT 46th"]
[Site "Rio Achaia"]
[Date "2018.07.11"]
[Round "2.5"]
[White "Bichaki, Ourania"]
[Black "Kalyva, Kyriaki"]
[Result "0-1"]
[WhiteElo "1099"]
[BlackElo "1734"]
[PlyCount "62"]
[EventDate "2018.07.10"]
[EventType "team"]
[EventRounds "7"]
[EventCountry "GRE"]
[SourceTitle "CBM 185 Extra"]
[Source "ChessBase"]
[SourceDate "2018.07.29"]
[SourceVersion "1"]
[SourceVersionDate "2018.07.29"]
[SourceQuality "1"]
[WhiteTeam "Piraikos"]
[BlackTeam "Heraklion"]
[WhiteTeamCountry "GRE"]
[BlackTeamCountry "GRE"]

1. e4 c5 2. Nc3 Nc6 3. f4 g6 4. Nf3 Bg7 5. Bc4 d6 6. d3 Nd4 7. Ng5 e6 8. 0-0 h6 9. Nf3 Ne7 10. Ne2 Nec6 11. Nexd4 Nxd4 12. c3 Nc6 13. Be3 0-0 14. d4 cxd4 15. Nxd4 d5 16. exd5 exd5 17. Bb3 Re8 18. Qf3 h5 19. h3 Nxd4 20. Bxd4 Bxd4+ 21. cxd4 Re4 22. Rad1 Bf5 23. Rfe1 Rxe1+ 24. Rxe1 Be4 25. Qf2 Rc8 26. Qd2 Qd6 27. Rc1 Rc6 28. g3 h4 29. Rc3 hxg3 30. Rxg3 Qf6 31. Qf2 Rc1+ 0-1

[Event "GRE-chT Schools Gymnasia 16th"]
[Site "Peristeri"]
[Date "2018.03.31"]
[Round "3.4"]
[White "Bichaki, Ourania"]
[Black "Batsi, Varvara"]
[Result "0-1"]
[WhiteElo "1173"]
[BlackElo "1122"]
[PlyCount "54"]
[EventDate "2018.03.31"]
[EventType "team-swiss (rapid)"]
[EventRounds "6"]
[EventCountry "GRE"]
[SourceTitle "EXT 2019"]
[Source "ChessBase"]
[SourceDate "2018.10.10"]
[SourceVersion "1"]
[SourceVersionDate "2018.10.10"]
[SourceQuality "1"]

1. e4 c6 2. d4 d5 3. Nc3 dxe4 4. Nxe4 Bf5 5. Ng3 Bg6 6. h4 h6 7. Bd3 Qxd4 8. Nf3 Qd6 9. 0-0 Bxd3 10. cxd3 Nf6 11. Re1 Nbd7 12. b3 e6 13. Bb2 Be7 14. Rc1 0-0 15. Ne5 Nxe5 16. Bxe5 Qd5 17. Re3 Rad8 18. Qe2 Bc5 19. Rf3 Ng4 20. Bb2 Bxf2+ 21. Rxf2 Nxf2 22. Kxf2 Qxd3 23. Qg4 Qd2+ 24. Qe2 Qf4+ 25. Qf3 Rd2+ 26. Ne2 Qxf3+ 27. Kxf3 Rxb2 0-1

[Event "GRE-chT 45th"]
[Site "Achaia"]
[Date "2017.07.05"]
[Round "4.11"]
[White "Chatzipanagiotou, Asimenia"]
[Black "Bichaki, Ourania"]
[Result "1/2-1/2"]
[WhiteElo "1328"]
[BlackElo "1005"]
[PlyCount "76"]
[EventDate "2017.07.03"]
[EventType "team-swiss"]
[EventRounds "7"]
[EventCountry "GRE"]
[SourceTitle "CBM 179 Extra"]
[Source "ChessBase"]
[SourceDate "2017.08.23"]
[SourceVersion "1"]
[SourceVersionDate "2017.08.23"]
[SourceQuality "1"]
[WhiteTeam "Chania Kydon AO"]
[BlackTeam "Peiraikos PG"]
[WhiteTeamCountry "GRE"]
[BlackTeamCountry "GRE"]

1. e4 c6 2. d4 d5 3. e5 Bf5 4. Nf3 e6 5. Be2 Nd7 6. 0-0 Bg6 7. Re1 Nh6 8. Bd3 Bxd3 9. Qxd3 Nf5 10. c3 c5 11. b3 Be7 12. Nbd2 0-0 13. Nf1 f6 14. Ne3 fxe5 15. dxe5 Nh4 16. Nxh4 Bxh4 17. Nd1 Qe8 18. g3 Be7 19. f4 Rc8 20. Ne3 Nb6 21. Qe2 Qg6 22. Kh1 c4 23. bxc4 dxc4 24. Nc2 Nd5 25. Bb2 Rfd8 26. Nd4 Qf7 27. Qg4 Nc7 28. Rad1 h5 29. Qf3 Nd5 30. Rd2 Bc5 31. Red1 Bxd4 32. Rxd4 Qf5 33. Qe2 b5 34. a3 a6 35. Kg2 g6 36. Kh1 Rc7 37. R1d2 Rh7 38. h4 Rf7 1/2-1/2

[Event "GRE-chT 45th"]
[Site "Achaia"]
[Date "2017.07.04"]
[Round "3.6"]
[White "Bichaki, Ourania"]
[Black "Aivazian, Elpida Sofia"]
[Result "0-1"]
[WhiteElo "1005"]
[BlackElo "1415"]
[PlyCount "58"]
[EventDate "2017.07.03"]
[EventType "team-swiss"]
[EventRounds "7"]
[EventCountry "GRE"]
[SourceTitle "CBM 179 Extra"]
[Source "ChessBase"]
[SourceDate "2017.08.23"]
[SourceVersion "1"]
[SourceVersionDate "2017.08.23"]
[SourceQuality "1"]
[WhiteTeam "Peiraikos PG"]
[BlackTeam "Alexandroupolis Ethnikos"]
[WhiteTeamCountry "GRE"]
[BlackTeamCountry "GRE"]

1. e4 c5 2. Nf3 e6 3. d4 cxd4 4. Nxd4 Nc6 5. Nc3 Qc7 6. Be2 a6 7. a3 Nf6 8. Be3 Be7 9. 0-0 0-0 10. f4 d5 11. e5 Nd7 12. Qe1 Na5 13. Qg3 Nc4 14. Bxc4 dxc4 15. Ne4 Kh8 16. Rf3 Nc5 17. Ng5 h6 18. Qh4 f6 19. exf6 Bxf6 20. f5 exf5 21. Nxf5 Bxf5 22. Rxf5 Bxg5 23. Rxg5 Ne6 24. Rg3 Nf4 25. Bxf4 Rxf4 26. Qh5 Raf8 27. Re1 Qb6+ 28. Rge3 Qxe3+ 29. Rxe3 Rf1# 0-1